Catálogo público

Utilización intensiva de pasturas / (Record no. 166199)

MARC details
000 -CABECERA
campo de control de longitud fija 00721nam a2200289Ia 4500
001 - NÚMERO DE CONTROL
campo de control Z_3100
003 - IDENTIFICADOR DEL NÚMERO DE CONTROL
campo de control CHAP
008 - DATOS DE LONGITUD FIJA--INFORMACIÓN GENERAL
campo de control de longitud fija 220113s1974 xx 000 0 und d
010 ## - NÚMERO DE CONTROL DE LA BIBLIOTECA DEL CONGRESO
Número de control de LC 166199
040 ## - FUENTE DE LA CATALOGACIÓN
Centro/agencia transcriptor CHAP
082 ## - NÚMERO DE LA CLASIFICACIÓN DECIMAL DEWEY
Número de clasificación 633.2 J3y
100 ## - ENTRADA PRINCIPAL--NOMBRE DE PERSONA
Nombre de persona James, B. J. F.
9 (RLIN) 61007
245 ## - MENCIÓN DE TÍTULO
Título Utilización intensiva de pasturas /
Mención de responsabilidad, etc. por B. J. F. James
260 ## - PUBLICACIÓN, DISTRIBUCIÓN, ETC.
Lugar de publicación, distribución, etc. Buenos Aires :
Nombre del editor, distribuidor, etc. Hemisferio Sur,
Fecha de publicación, distribución, etc. 1974
300 ## - DESCRIPCIÓN FÍSICA
Extensión 198 p. ; ilus.
440 ## - MENCIÓN DE SERIE/PUNTO DE ACCESO ADICIONAL--TÍTULO
Título
500 ## - NOTA GENERAL
Nota general Trad. De : Intensive utilization of pastures
503 ## - NOTA DE HISTORIA BIBLIOGRÁFICA (BK CF MU) [OBSOLETO]
Nota de historia bibliográfica
650 ## - PUNTO DE ACCESO ADICIONAL DE MATERIA--TÉRMINO DE MATERIA
Término de materia o nombre geográfico como elemento de entrada Pastizales
Subdivisión general Manejo I. t.
9 (RLIN) 137425
650 ## - PUNTO DE ACCESO ADICIONAL DE MATERIA--TÉRMINO DE MATERIA
Término de materia o nombre geográfico como elemento de entrada Pastos forrajeros
9 (RLIN) 86094
901 ## - ELEMENTOS DE DATOS A LOCAL LDA (RLIN)
a 633.2 J3y
902 ## - ELEMENTOS DE DATOS B LOCAL, LDB (RLIN)
a A
910 ## - DATOS DE OPCIÓN DEL USUARIO (OCLC)
Datos de opción del usuario 1974
942 ## - ELEMENTOS DE PUNTO DE ACCESO ADICIONAL (KOHA)
Tipo de ítem Koha Libro_
942 ## - ELEMENTOS DE PUNTO DE ACCESO ADICIONAL (KOHA)
Tipo de ítem Koha
Holdings
Estado de retiro Estado de pérdida Fuente del sistema de clasificación o colocación Estado dañado No para préstamo Código de colección Localización permanente Ubicación/localización actual Ubicación en estantería Fecha de adquisición Código de barras Fecha visto por última vez Número de copia Precio válido a partir de Tipo de ítem Koha Total de préstamos Fecha del último préstamo
    Dewey Decimal Classification     General Zootecnia Zootecnia   09/11/2005 z_3487 18/01/2022 1 18/01/2022 Libro    
    Dewey Decimal Classification     General Zootecnia Zootecnia   09/11/2005 z_3488 15/11/2023 1 18/01/2022 Libro 1 15/11/2023